00686nam a2200169 i 450000100060000000300090000600500170001500700030003200800410003524500920007626000380016830000220020650501170022885200320034599900170037795201220039459414ES-MaACL20230906164028.0t|031029s1962 sp ||||1| spa d00aEnsayo de bibliografía jurídica b: (en español, francés, inglés e italiano). aMadrid : bMarcial Pons, c[1962] a267 p. ; c16 cm.8 aContiene: V. I: Derecho privado : (civil, mercantil, internacional privado, romano, obras de Carácter general) aES-MaACLjC-23718 bR.50176 c59414d59414 00104070aATENEOMbATENEOMcDEPO2d2008-01-17eSCl0oC-23718p1062318r2023-02-23 00:00:00w2023-02-23yMONOGRAFIA